Robber planting technique of memot robber plantation company ការដាំដំណាំកៅស៊ូនៅក្រុមហ៊ុនចំការកៅស៊ូមេមត់ (Record no. 283)

000 -LEADER
fixed length control field 00546nam a22001577a 4500
003 - CONTROL NUMBER IDENTIFIER
control field OSt
005 - DATE AND TIME OF LATEST TRANSACTION
control field 20150912112111.0
008 - FIXED-LENGTH DATA ELEMENTS--GENERAL INFORMATION
fixed length control field 150912b xxu||||| |||| 00| 0 eng d
040 ## - CATALOGING SOURCE
Transcribing agency RUA
082 ## - DEWEY DECIMAL CLASSIFICATION NUMBER
Classification number AGR SOU 1997 B018 Or.1
100 ## - MAIN ENTRY--PERSONAL NAME
9 (RLIN) 306
Personal name SOURS, SOPHAL
245 ## - TITLE STATEMENT
Title Robber planting technique of memot robber plantation company ការដាំដំណាំកៅស៊ូនៅក្រុមហ៊ុនចំការកៅស៊ូមេមត់
260 ## - PUBLICATION, DISTRIBUTION, ETC. (IMPRINT)
Place of publication, distribution, etc. Phnom Penh
Name of publisher, distributor, etc. RUA
Date of publication, distribution, etc. 1997
300 ## - PHYSICAL DESCRIPTION
Extent 112p.
Other physical details ill.
Dimensions 29cm.
942 ## - ADDED ENTRY ELEMENTS (KOHA)
Source of classification or shelving scheme
Koha item type AGR
Holdings
Price effective from Date last seen Permanent Location Not for loan Date acquired Source of classification or shelving scheme Koha item type Lost status Withdrawn status Date last checked out Total Checkouts Shelving location Damaged status Barcode Current Location Full call number
2015-09-122019-11-27Library Block B 2015-09-12 AGR  2019-07-021B018 RUA003403Library Block BAGR SOU 1997 B018 Or.1
2015-09-122015-09-12Library Block B 2015-09-12 AGR    B018 RUA003331Library Block BAGR SOU 1997 B018 Or.2
2015-09-122018-05-18Library Block B 2015-09-12 AGR  2018-04-251B018 RUA003259Library Block BAGR SOU 1997 B018 Or.3
2015-09-122015-09-12Library Block B 2015-09-12 AGR    B018 RUA003187Library Block BAGR SOU 1997 B018 Or.4
2015-09-122015-09-12Library Block B 2015-09-12 AGR    B018 RUA003194Library Block BAGR SOU 1997 B018 Or.5
មជ្ឈមណ្ឌលឯការនៃសាកលវិទ្យាល័យភូមិន្ទកសិកម្មចំការដូង

Powered by Koha